000 01956nam a22002897a 4500
001 1345
005 20230818131012.0
008 230818b cb ||||| |||| 00| 0 khr d
020 _a9789924340379
040 _aFISKH
_beng
_cFISKH
_dFISKH
082 _a394.2614
100 _aSivngim, Ngoun
245 _aឆ្នាំថ្មី ដ៏ពិសេស /
_c និពន្ធដោយ ងួន ស៊ីវងីម - គូររូបដោយ សេង វិសាល
250 _aបោះពុម្ពលើកទី ខែមករា ឆ្នាំ ២០២២
260 _aPhnom Penh :
_bSipar,
_c2022.
300 _a40 pages :
_bcolor illustrations
_c24 cm
490 _aខ្ញុំចង់អាន
505 _aP
520 _aឆ្នាំថ្មីបានមកដល់ មុំបានទៅលេងផ្ទះយាយតា​នៅឯស្រុក ហើយបានជួបរឿងល្អ និងរឿងមិនល្អជាច្រើន ដូចជាបានលង់ទឹក ត្រូវឆ្កែដេញខាំ ទៅពូនភ្នំខ្សាច់ជាមួយប្អូនៗនៅឯវត្ត ព្រមទាំងបានលេងល្បែងប្រជាប្រិយទៀតផង។
520 _aNew Year has come, Mom has visited her grandparents' house in the district and met many good and bad things, such as drowning, being chased by dogs, going to the sand dunes with her cousins at the pagoda and also playing Khmer traditional games.
521 _a650
_bLexile estimate
521 _aP
_bRaz-Plus
650 _aចូលឆ្នាំខ្មែរ
_vល្បែងប្រជាប្រិយ
_xត្រូវបានដេញ
_yលង់ទឹក
650 _aKhmer New year
_vKhmer traditional game
_xBeing chase
_yDrowning
700 _aVisal, Seng
_cillustrator
942 _2ddc
_cBK
_n0
999 _c1345
_d1345